000 01025nam a22001937a 4500
003 JO-AjAnu
005 20240708092131.0
008 240706b jo ||||| |||| 00| 0 ara d
040 _cJO-AjAnu
041 _aara
100 1 _aالصمادي، عطا يوسف محمد
_966049
_eمعد
245 2 _aالمسؤولية المدنية لمنتج برامج الألعاب الإلكترونية : دراسة مقارنة = The civil responsibility of the producer of electronic games software : a comparative study /
_cاعداد عطا يوسف محمد الصمادي ؛ إشراف منتصر القضاة
260 _c2024
300 _a86ورقة
500 _a رسالة جامعية (ماجستير) .- جامعة عجلون الوطنية (عجلون، الأردن)، كلية الحقوق ، تخصص القانون 2024
650 7 0 _aالألعاب الالكترونية - قوانين وتشريعات
_966000
700 1 _aالقضاة، منتصر احمد
_965269
_eمشرف
942 _2lcc
_cTHS
_n0
999 _c33556
_d33556